| 000 | 00000nam##2200000za#4500 |
| 001 | 9.644054 |
| 003 | CaOODSP |
| 005 | 20210624224451 |
| 007 | cr ||||||||||| |
| 008 | 150407|2010||||xxc|||||o f|0| 0 fre|d |
| 040 | |aCaOODSP|bfre |
| 043 | |an-cn--- |
| 086 | 1 |aR5-19/2010F-PDF |
| 110 | 1 |aCanada.|bAffaires indiennes et du Nord. |
| 245 | 10|aÉvaluation du Programme d'aide à la gestion des urgences : |h[ressource électronique]|brapport final / |c[publié par la] Direction générale de l'évaluation, de la mesure du rendement et de l'examen. |
| 260 | |aOttawa - Ontario : |bAffaires indiennes et du Nord |cLe 24 février 2010. |
| 300 | |a63p.|bfigure, organigramme, tableaux |
| 590 | |a15-02-Supp|b2015-02-16 |
| 691 | 07|aAutochtones|2gcpds |
| 691 | 07|aProtection civile|2gcpds |
| 775 | 08|tEvaluation of the Emergency Management Assistance Program : |w(CaOODSP)9.700107 |
| 856 | 40|ahttp://publications.gc.ca|qPDF|s249 Ko|uhttps://publications.gc.ca/collections/collection_2014/aadnc-aandc/R5-19-2010-fra.pdf |
| 986 | |aProjet no 1570-7/08046 |